000 00744nam a2200265 i 4500
001 C2-0103324
003 PPAK
005 20180727100633.0
008 970604s1995 my a|||| ||||| | may d
020 _a9839166042
040 _aPPAK
_beng
_cPPAK
_erda
082 0 4 _a899.231
_223
090 0 0 _a899.231
_bAME
_dK
100 0 _aAmer Haji Matsom,
_eauthor
245 1 0 _aJujur oh jujur
264 1 _aPetaling Jaya, Selangor :
_bPustaka Tintamas ,
_c1995
300 _a19 pages :
_billustrations ;
_c21 cm
336 _2rdacontent
_atext
337 _2rdamedia
_aunmediated
338 _2rdacarrier
_avolume
490 1 _aSiri pantun - pantun nasihat
650 1 0 _aMalay poetry
830 0 _aSiri pantun - pantun nasihat
942 _ddc
_cB
999 _c24437
_d24437